1269 1779 1567 1891 1559 1362 1061 1162 1835 1398 1048 1123 1245 1221 1255 1920 1833 1338 1935 1937 1313 1783 1406 1614 1975 1749 1550 1348 1651 1297 1201 1431 1915 1433 2000 1343 1668 1688 1071 1315 1314 1069 1938 1659 1988 1495 1173 1222 1697 1938 1024 1008 1408 1767 1998 1526 1146 1176 1013 1672 1792 1189 1093 1053 1068 1487 1272 1786 1190 1160 1635 1499 1282 1865 1510 1296 1704 1266 1899 1589 1311 1059 1570 1264 1397 1948 1110 1813 1122 1687 1214 1934 1470 1717 1520 1334 1381 1415 1239 BCNSPRNW ULIB Ver.6.0+V

เปลี่ยนเป็นภาษาไทย

Change to English
 แสดงรายละเอียดบรรณานุกรม
  กลับหน้าหลัก

Brief Record : Get Marc (ISO 2709) : E-mail record : QR code < ปิดหน้าต่าง
LEADER : 00000nam 2200000uu 4500
001    13399112460
003     ULIB
008    110816s2550||||th 000 0 tha d
020    9749993934
020    9789749993934
040    bpr
050  4 HN700.55^bส558ท 2550
100 0  สัญญา สัญญาวิวัฒน์
245 10 ทฤษฎีและกลยุทธ์การพัฒนาสังคม /^cสัญญา สัญญาวิวัฒน์
250    พิมพ์ครั้งที่ 7
260    กรุงเทพฯ :^bโรงพิมพ์แห่งจุฬาลงกรณ์มหาวิทยาลัย,^c2550
300    192 หน้า ;^c21 ซม.
650  4 การพัฒนาสังคม
651  7 ไทย^xภาวะสังคม
945    ^p105^l0^i022599
945    ^p105^l0^i022600
995    ทศพร
999 ^a ทศพร
รายการนี้ยังไม่มีแท็ก
คุณยังไม่ได้ล็อกอิน คุณสามารถมีกิจกรรมร่วมกับเว็บไซต์ได้ แต่ต้องล็อกอินก่อน ::
  ล็อกอิน

รายการสื่อสารสนเทศ

ลำดับที่ ประเภท เลขเรียก/บาร์โค้ด สถานที่ สถานะ
1. การศึกษาทั่วไป
การศึกษาทั่วไป
HN700.55 ส558ท 2550 ฉ.2 
  Barcode: 022600
ห้องสมุดวิทยาเขตนครสวรรค์
►หนังสือทั่วไป:l:General Books
บนชั้น

รายการใกล้เคียง
    ผู้แต่ง [สัญญา สัญญาวิวัฒน์]

    หัวเรื่อง [การพัฒนาสังคม]

BibComment


ยังไม่เคยถูกคอมเมนท์

คอมเมนท์ทรัพยากรรายการนี้
  คอมเมนท์: ทฤษฎีและกลยุทธ์กา..


 Copyright 2026. Bcnsprnw @Library